[Event "XXVI Open Eporediese"]
[Site "Ivrea ITA"]
[Date "2009.02.19"]
[Round "6"]
[White "Bosticardo, Tommaso"]
[Black "Listello, Massimiliano"]
[Result "0-1"]
[WhiteElo "1464"]
[BlackElo "1482"]
[PlyCount "84"]
[EventDate "2009.01.15"]

1. e4 e5 2. Nf3 Nf6 3. Nxe5 d6 4. Nf3 Nxe4 5. d4 Qe7 6. Qe2 Nf6 7. Qxe7+ Bxe7
8. Bc4 d5 9. Bd3 O-O 10. O-O Nc6 11. Re1 Re8 12. Bg5 Bg4 13. Nbd2 Nb4 14. Re3
Nxd3 15. Rxd3 Ne4 16. Bxe7 Rxe7 17. Ne5 Bf5 18. Nxe4 Bxe4 19. Rd2 f6 20. Nd3
Rae8 21. h3 b6 22. Re1 Bf5 23. Rxe7 Rxe7 24. Nb4 Rd7 25. Kh2 c5 26. dxc5 bxc5
27. Rxd5 Rxd5 28. Nxd5 Bxc2 29. Kg3 Kf7 30. Kf4 Ke6 31. Nc3 Bd3 32. Ke3 Bf1 33.
Kf3 Ke5 34. Ne4 Bxg2+ 35. Kxg2 Kxe4 36. Kf1 Kd3 37. Ke1 Kc2 38. Ke2 Kxb2 39.
Kd3 Kxa2 40. Kc4 a5 41. Kxc5 Kb3 42. Kb5 a4 0-1

[Event "XXVI Open Eporediese"]
[Site "Ivrea ITA"]
[Date "2009.02.19"]
[Round "6"]
[White "Caresana, Alessandro"]
[Black "Razzano, Lorenzo"]
[Result "1-0"]
[WhiteElo "2010"]
[BlackElo "1969"]
[PlyCount "37"]
[EventDate "2009.01.15"]

1. d4 Nc6 2. d5 Ne5 3. e4 Ng6 4. f4 e5 5. dxe6 fxe6 6. Nf3 Bc5 7. Nc3 a6 8. f5
exf5 9. Bg5 Nf6 10. Bc4 d6 11. Qe2 Ne5 12. exf5 c6 13. O-O-O Qe7 14. Rhe1 Bb6
15. Rxd6 Qxd6 16. Nxe5 Kf8 17. Nf7 Qc5 18. Bxf6 gxf6 19. Qe8+ 1-0

[Event "XXVI Open Eporediese"]
[Site "Ivrea ITA"]
[Date "2009.02.19"]
[Round "6"]
[White "Chiarotto, Filippo"]
[Black "Bruno, Fabrizio P."]
[Result "1/2-1/2"]
[WhiteElo "2039"]
[BlackElo "1948"]
[PlyCount "48"]
[EventDate "2009.01.15"]

1. Nc3 Nf6 2. d4 d6 3. e4 g6 4. f3 c6 5. Be3 Qa5 6. Qd2 b5 7. g4 b4 8. Nce2 Na6
9. Ng3 Bg7 10. Bd3 c5 11. N1e2 O-O 12. O-O Qc7 13. c4 cxd4 14. Nxd4 Nc5 15. Be2
Rb8 16. g5 Nfd7 17. f4 a6 18. Rad1 b3 19. f5 Bb7 20. f6 exf6 21. Nxb3 fxg5 22.
Bxg5 Nxb3 23. axb3 Nc5 24. Qxd6 Qxd6 1/2-1/2

[Event "XXVI Open Eporediese"]
[Site "Ivrea ITA"]
[Date "2009.02.19"]
[Round "6"]
[White "Giachino, Adriano"]
[Black "Gennaro, Isabella"]
[Result "1/2-1/2"]
[WhiteElo "1706"]
[BlackElo "1419"]
[PlyCount "98"]
[EventDate "2009.01.15"]

1. e4 c5 2. Nf3 Nc6 3. d4 cxd4 4. Nxd4 Nf6 5. Nc3 e5 6. Nf5 d5 7. Ng3 d4 8.
Nce2 Bc5 9. Bg5 O-O 10. a3 Be7 11. Qd2 Nxe4 12. Nxe4 Bxg5 13. Nxg5 h6 14. Ne4
Bf5 15. N2g3 Bxe4 16. Nxe4 Rc8 17. Bd3 Na5 18. Qe2 Qd5 19. O-O Nc4 20. Qf3 Qe6
21. Ng3 Nd2 22. Qe2 Nxf1 23. Rxf1 Rfe8 24. Bf5 Qc6 25. Bxc8 Qxc8 26. Rd1 Qc6
27. Qg4 Re6 28. Nf5 g5 29. Qh5 Qxc2 30. Nxh6+ Rxh6 31. Qxg5+ Rg6 32. Qd8+ Kg7
33. Re1 d3 34. Qd5 d2 35. Qxe5+ Rf6 36. Qg3+ Kf8 37. Qb8+ Kg7 38. Qg3+ Rg6 39.
Qe5+ f6 40. Qe7+ Kh6 41. Qf8+ Kg5 42. f4+ Kh5 43. Qh8+ Kg4 44. Qh3+ Kxf4 45.
Qe3+ Kf5 46. Rf1+ Kg4 47. Qf4+ Kh5 48. Qf3+ Kh6 49. Qe3+ Kh5 1/2-1/2

[Event "XXVI Open Eporediese"]
[Site "Ivrea ITA"]
[Date "2009.02.19"]
[Round "6"]
[White "Giunto, Andrea"]
[Black "Papalini, Claudio"]
[Result "1-0"]
[WhiteElo "1731"]
[BlackElo "1604"]
[PlyCount "77"]
[EventDate "2009.01.15"]

1. e4 e6 2. d4 d5 3. e5 c5 4. c3 Qb6 5. Nf3 Nc6 6. Bd3 Bd7 7. Bc2 cxd4 8. cxd4
Bb4+ 9. Nc3 Nge7 10. O-O O-O 11. a3 Bxc3 12. bxc3 Na5 13. Bd3 Nc4 14. Nd2 Rac8
15. Nxc4 dxc4 16. Be4 Bc6 17. Re1 Bxe4 18. Rxe4 Ng6 19. Rg4 Rfd8 20. Qf3 Nxe5
21. dxe5 Rd3 22. Be3 Qb3 23. h4 Qxc3 24. Rc1 Qxe5 25. Qxb7 Rcd8 26. Rf4 R3d7
27. Qe4 Qa5 28. Qxc4 h6 29. Rg4 h5 30. Rg5 Rd5 31. Qe4 Rxg5 32. Bxg5 Rb8 33.
Be7 Qd2 34. Qc2 Qd7 35. Qc7 Qb5 36. Qxa7 Rb7 37. Qc5 Qb3 38. Qxh5 Rxe7 39. Rc8+
1-0

[Event "XXVI Open Eporediese"]
[Site "Ivrea ITA"]
[Date "2009.02.19"]
[Round "6"]
[White "Giunto, Stefano"]
[Black "Romano, Antonino"]
[Result "0-1"]
[WhiteElo "1422"]
[BlackElo "1713"]
[PlyCount "62"]
[EventDate "2009.01.15"]

1. e4 c6 2. d4 d5 3. Nc3 dxe4 4. Nxe4 Bf5 5. Ng3 Bg6 6. h4 h6 7. h5 Bh7 8. Nf3
Nd7 9. Bd3 Bxd3 10. Qxd3 Qc7 11. O-O e6 12. Ne4 Ngf6 13. g3 Nxh5 14. c4 Nhf6
15. Bf4 Qd8 16. Rfd1 Nxe4 17. Qxe4 Nf6 18. Qd3 Bd6 19. Bxd6 Qxd6 20. c5 Qc7 21.
b4 O-O 22. a4 Rad8 23. Qc4 Rd5 24. Ra3 Re8 25. Rad3 Ne4 26. Re1 Nxg3 27. fxg3
Qxg3+ 28. Kf1 Rh5 29. Ne5 Rh1+ 30. Ke2 Qxe1+ 31. Kf3 Rf1+ 0-1

[Event "XXVI Open Eporediese"]
[Site "Ivrea ITA"]
[Date "2009.02.19"]
[Round "6"]
[White "Melling, Jonathon"]
[Black "Saccona, Silvano"]
[Result "0-1"]
[WhiteElo "1877"]
[BlackElo "2198"]
[PlyCount "64"]
[EventDate "2009.01.15"]

1. d4 d5 2. Nf3 c6 3. c4 dxc4 4. Nc3 e6 5. Bf4 Nf6 6. e3 b5 7. Qc2 Nd5 8. Bg3
Bb7 9. Be2 Nxc3 10. bxc3 Nd7 11. Rb1 Qc8 12. O-O Be7 13. Nd2 Nf6 14. Be5 a6 15.
Bf3 O-O 16. e4 Nd7 17. Bg3 f6 18. Bh5 Nb6 19. f4 g6 20. Be2 f5 21. Rf3 c5 22.
Bf2 cxd4 23. Bxd4 Bc5 24. Bxc5 Qxc5+ 25. Kh1 Rad8 26. Rd1 Rd7 27. Rg3 Qf2 28.
exf5 Qxe2 29. fxg6 h6 30. g7 Rxg7 31. Rg6 Rxf4 32. Qb1 Bxg2+ 0-1

[Event "XXVI Open Eporediese"]
[Site "Ivrea ITA"]
[Date "2009.02.19"]
[Round "6"]
[White "Paonessa, Denis"]
[Black "Catalfamo, Santo"]
[Result "1/2-1/2"]
[WhiteElo "1933"]
[BlackElo "1792"]
[PlyCount "59"]
[EventDate "2009.01.15"]

1. Nf3 d5 2. d4 Nf6 3. c4 Bg4 4. Ne5 c6 5. Nc3 dxc4 6. Nxg4 Nxg4 7. e4 Qd7 8.
Bxc4 g6 9. e5 Nh6 10. O-O e6 11. Ne4 Ng8 12. Bg5 h6 13. Bf6 Rh7 14. Qf3 Qc7 15.
Rfd1 Nd7 16. Rac1 Ngxf6 17. exf6 O-O-O 18. d5 exd5 19. Bxd5 Ne5 20. Qh3+ Qd7
21. Be6 Qxe6 22. Rxd8+ Kxd8 23. Rd1+ Kc7 24. Qg3 Kc8 25. Qe3 b6 26. Qc3 Kc7 27.
Qd4 Qd5 28. Qa4 Qa5 29. Qd4 Qd5 30. Qa4 1/2-1/2

[Event "XXVI Open Eporediese"]
[Site "Ivrea ITA"]
[Date "2009.02.19"]
[Round "6"]
[White "Picco, Pietro"]
[Black "Vigliocco, Davide"]
[Result "1-0"]
[WhiteElo "1293"]
[BlackElo "1470"]
[PlyCount "57"]
[EventDate "2009.01.15"]

1. e4 e6 2. Nf3 d5 3. exd5 exd5 4. d4 Nc6 5. Bb5 Bd7 6. O-O Nf6 7. Bg5 Bd6 8.
Nc3 Ne7 9. Re1 c6 10. Bd3 Qc7 11. Bxf6 gxf6 12. Qd2 O-O-O 13. b3 Bg4 14. h3
Bxf3 15. gxf3 Rhg8+ 16. Kf1 Rg7 17. Ne2 Rdg8 18. f4 Ng6 19. Bf5+ Kb8 20. Bxg6
Rxg6 21. Qe3 a6 22. Qf3 Rh6 23. Rad1 Rh4 24. Rd3 Bxf4 25. Nxf4 Rxf4 26. Qh1 Qb6
27. Qh2 Qc7 28. Rde3 Rxd4 29. Re8+ 1-0

[Event "XXVI Open Eporediese"]
[Site "Ivrea ITA"]
[Date "2009.02.19"]
[Round "6"]
[White "Ranieri, Fabrizio"]
[Black "Castaldo, Folco"]
[Result "1/2-1/2"]
[WhiteElo "2243"]
[BlackElo "2419"]
[PlyCount "70"]
[EventDate "2009.01.15"]

1. e4 c5 2. Nf3 Nc6 3. d4 cxd4 4. Nxd4 g6 5. Nc3 Bg7 6. Be3 Nf6 7. Bc4 Qa5 8.
O-O O-O 9. Bb3 d6 10. h3 Bd7 11. Re1 Rfe8 12. Qd3 Rac8 13. Rad1 Ne5 14. Qe2 b5
15. Ndxb5 Nxe4 16. Bd4 Nc5 17. f4 Nxb3 18. axb3 Nc6 19. Bxg7 Kxg7 20. Qf2 Bf5
21. g4 Bd7 22. Ra1 Qd8 23. Nxa7 Ra8 24. Nd5 e5 25. Nxc6 Bxc6 26. Rad1 Bxd5 27.
Rxd5 exf4 28. Red1 Qf6 29. Rxd6 Qxb2 30. Qd4+ Qxd4+ 31. R6xd4 Re2 32. R4d2 Re3
33. Rd3 Re2 34. R3d2 Re3 35. Rd3 Re2 1/2-1/2

[Event "XXVI Open Eporediese"]
[Site "Ivrea ITA"]
[Date "2009.02.19"]
[Round "6"]
[White "Saviano, Sabato"]
[Black "Guglielmi, Nicolo'"]
[Result "0-1"]
[WhiteElo "1696"]
[BlackElo "1950"]
[PlyCount "80"]
[EventDate "2009.01.15"]

1. d4 d5 2. c4 c6 3. cxd5 cxd5 4. Nc3 Nf6 5. e3 e6 6. Bd3 Be7 7. Nge2 O-O 8.
O-O b6 9. Qc2 Ba6 10. f3 Bxd3 11. Qxd3 Nc6 12. a3 Na5 13. Qd1 Qd7 14. Kh1 Rac8
15. Rb1 Rfd8 16. Bd2 Nc4 17. Bc1 b5 18. Ng3 Nxa3 19. bxa3 Rxc3 20. e4 Rdc8 21.
Bb2 R3c4 22. e5 Ne8 23. f4 g6 24. Qg4 Ng7 25. h4 h5 26. Qh3 Qd8 27. Ne2 Bxh4
28. g4 hxg4 29. Qxg4 Rc2 30. Ng1 Nf5 31. Rf3 Rf2 32. Rh3 Rcc2 33. Nf3 Rxb2 34.
Rg1 Rb3 35. Rxh4 Rfxf3 36. Rh2 Rg3 37. Qd1 Rxg1+ 38. Qxg1 Ng3+ 39. Kg2 Qc7 40.
Qd1 Qc3 0-1

[Event "XXVI Open Eporediese"]
[Site "Ivrea ITA"]
[Date "2009.02.19"]
[Round "6"]
[White "Trotto, Pierangelo"]
[Black "Bellafiore, Enzo"]
[Result "1-0"]
[WhiteElo "1883"]
[BlackElo "1867"]
[PlyCount "45"]
[EventDate "2009.01.15"]

1. d4 d5 2. g3 c6 3. Bg2 Nf6 4. Nf3 Bg4 5. O-O e6 6. a4 Be7 7. Nbd2 Nbd7 8. Re1
O-O 9. e4 dxe4 10. Nxe4 Nxe4 11. Rxe4 Nf6 12. Re1 Qc7 13. Bf4 Qb6 14. a5 Qd8
15. c4 Re8 16. Qb3 Bxf3 17. Bxf3 Qc8 18. d5 exd5 19. cxd5 cxd5 20. Rac1 Qd7 21.
Rc7 Qd8 22. Qxb7 Kf8 23. Rexe7 1-0

[Event "XXVI Open Eporediese"]
[Site "Ivrea ITA"]
[Date "2009.02.26"]
[Round "7"]
[White "Bellafiore, Enzo"]
[Black "Saviano, Sabato"]
[Result "1-0"]
[WhiteElo "1867"]
[BlackElo "1696"]
[PlyCount "113"]
[EventDate "2009.01.15"]

1. d4 d5 2. c4 c6 3. Nf3 e6 4. Nc3 dxc4 5. e4 Nf6 6. Bxc4 h6 7. Bf4 Bb4 8. Qc2
O-O 9. O-O Nh5 10. Be3 b5 11. Bd3 f5 12. exf5 Bxc3 13. bxc3 exf5 14. Ne5 Qf6
15. Be2 g6 16. Bxh6 Ng7 17. f4 Re8 18. Rf3 Nd7 19. Bxg7 Kxg7 20. Rg3 Nxe5 21.
dxe5 Qh4 22. Qd2 Be6 23. Qe3 Qe7 24. Bh5 Bf7 25. Rd1 Rad8 26. Rxd8 Rxd8 27. e6
Be8 28. Qe5+ Qf6 29. Qc7+ Kh8 30. Bf3 Qxe6 31. Rh3+ Kg8 32. Qh7+ Kf8 33. Qh8+
Ke7 34. Qh4+ Kd7 35. Qf2 Kc8 36. g3 Kb8 37. Rh7 Bf7 38. Kg2 Rc8 39. h4 Qxa2 40.
Qxa2 Bxa2 41. Rg7 Rg8 42. Rxg8+ Bxg8 43. Bxc6 Bc4 44. Be8 a5 45. Bxg6 Be6 46.
h5 a4 47. h6 a3 48. h7 a2 49. h8=Q+ Kb7 50. c4 Bxc4 51. Bxf5 Kb6 52. Kf2 Ka5
53. Qb2 b4 54. Ke1 b3 55. Kd2 Kb4 56. Bd3 Bf7 57. f5 1-0

[Event "XXVI Open Eporediese"]
[Site "Ivrea ITA"]
[Date "2009.02.26"]
[Round "7"]
[White "Bruno, Fabrizio P."]
[Black "Paonessa, Denis"]
[Result "1-0"]
[WhiteElo "1948"]
[BlackElo "1933"]
[PlyCount "89"]
[EventDate "2009.01.15"]

1. e4 g6 2. d4 Bg7 3. Nc3 d6 4. Bc4 c6 5. Be3 d5 6. exd5 b5 7. Bb3 b4 8. Ne4
cxd5 9. Nc5 Nf6 10. Qd2 a5 11. Ne2 Na6 12. Ba4+ Nd7 13. Bc6 Ra7 14. Nxd7 Bxd7
15. Bxd5 Nc7 16. Bc4 O-O 17. O-O Nb5 18. Bh6 Rc7 19. Bxg7 Kxg7 20. Bd3 Bc6 21.
c3 Qd5 22. f3 Qd6 23. Rac1 Rd8 24. Be4 e5 25. Rfd1 Bxe4 26. fxe4 exd4 27. cxd4
Rxc1 28. Qxc1 Qb6 29. Qe3 a4 30. e5 a3 31. bxa3 bxa3 32. h3 Rc8 33. Qb3 Qa5 34.
Rf1 Rc7 35. e6 fxe6 36. Qxe6 Nc3 37. Qf6+ Kh6 38. Nxc3 Qxc3 39. Rf4 Qe1+ 40.
Kh2 Kh5 41. h4 Kh6 42. Qg5+ Kg7 43. Qf6+ Kh6 44. Qf8+ Kh5 45. g4+ 1-0

[Event "XXVI Open Eporediese"]
[Site "Ivrea ITA"]
[Date "2009.02.26"]
[Round "7"]
[White "Catalfamo, Santo"]
[Black "Giunto, Andrea"]
[Result "1/2-1/2"]
[WhiteElo "1792"]
[BlackElo "1731"]
[PlyCount "56"]
[EventDate "2009.01.15"]

1. b3 e5 2. Bb2 Nc6 3. e4 d6 4. Nf3 Nf6 5. d3 g6 6. Be2 Bg7 7. Qd2 b6 8. Nc3
Bb7 9. O-O O-O 10. a3 Ne7 11. Qe1 Nd7 12. Nd2 f5 13. f3 f4 14. g4 g5 15. Nd1 d5
16. h4 h6 17. hxg5 hxg5 18. Rf2 Nc6 19. Rh2 Kf7 20. Kf2 Rh8 21. Qh1 Rxh2+ 22.
Qxh2 Qh8 23. Qxh8 Rxh8 24. Kg1 Rh3 25. Nf1 dxe4 26. dxe4 Nc5 27. Nf2 Rh8 28.
Bc4+ Ke7 1/2-1/2

[Event "XXVI Open Eporediese"]
[Site "Ivrea ITA"]
[Date "2009.02.26"]
[Round "7"]
[White "Gennaro, Isabella"]
[Black "Romano, Antonino"]
[Result "1-0"]
[WhiteElo "1419"]
[BlackElo "1713"]
[PlyCount "127"]
[EventDate "2009.01.15"]

1. e4 c6 2. d4 d5 3. Nd2 dxe4 4. Nxe4 Bf5 5. Nc3 e6 6. Nf3 Nf6 7. Bg5 h6 8.
Bxf6 Qxf6 9. Bd3 Be7 10. O-O O-O 11. Ne5 Rd8 12. Bxf5 Qxf5 13. Rb1 Na6 14. a3
Bd6 15. Re1 Bc5 16. Nf3 Qf6 17. Re4 Rd7 18. b4 Be7 19. b5 cxb5 20. Rxb5 Bxa3
21. Ne5 Rc7 22. Rb3 Bf8 23. Na4 Rd8 24. c4 Nc5 25. Nxc5 Bxc5 26. f4 Qf5 27.
Rbe3 Be7 28. Re1 a6 29. d5 Bc5+ 30. Kh1 Bf2 31. R1e2 Ba7 32. d6 Bc5 33. dxc7
Rxd1+ 34. Re1 Rxe1+ 35. Rxe1 Kh7 36. c8=Q Bf2 37. Qf8 Bxe1 38. Nxf7 Kg6 39.
Nh8+ Kh7 40. Qe8 Qxf4 41. Qg6+ Kxh8 42. h3 Qf1+ 43. Kh2 Qf4+ 44. Kg1 Qf2+ 45.
Kh1 Qg3 46. Qe8+ Kh7 47. Qxe6 Qf2 48. Qe4+ Kh8 49. Qxb7 Qf1+ 50. Kh2 Qf4+ 51.
Kg1 Qe3+ 52. Kh2 Qg3+ 53. Kh1 Qf2 54. Qc7 Qf1+ 55. Kh2 Qe2 56. c5 Qc4 57. c6
Qe6 58. Qd8+ Kh7 59. c7 Qe5+ 60. Kh1 Bg3 61. Qd3+ Kg8 62. c8=R+ Kf7 63. Qf3+
Kg6 64. Rc6+ $139 1-0

[Event "XXVI Open Eporediese"]
[Site "Ivrea ITA"]
[Date "2009.02.26"]
[Round "7"]
[White "Guglielmi, Nicolo'"]
[Black "Castaldo, Folco"]
[Result "0-1"]
[WhiteElo "1950"]
[BlackElo "2419"]
[PlyCount "54"]
[EventDate "2009.01.15"]

1. d4 f5 2. Bg5 h6 3. Bh4 g5 4. Bg3 Nf6 5. e3 d6 6. Be2 Be6 7. Qd3 Qd7 8. Nd2
Bg7 9. f4 Nc6 10. c3 O-O-O 11. Qb5 Bd5 12. Bf3 Bxf3 13. Ngxf3 Ng4 14. Qe2 e5
15. fxe5 dxe5 16. O-O-O Rhe8 17. h3 Nxe3 18. Qxe3 f4 19. Qf2 fxg3 20. Qxg3 exd4
21. Nb3 d3 22. Nc5 Qd5 23. Nxd3 Qxa2 24. Qg4+ Kb8 25. Kc2 Re2+ 26. Rd2 Rxd2+
27. Nxd2 Rxd3 0-1

[Event "XXVI Open Eporediese"]
[Site "Ivrea ITA"]
[Date "2009.02.26"]
[Round "7"]
[White "Listello, Massimiliano"]
[Black "Giachino, Adriano"]
[Result "1-0"]
[WhiteElo "1482"]
[BlackElo "1706"]
[PlyCount "83"]
[EventDate "2009.01.15"]

1. e4 c5 2. Nf3 d6 3. c3 Nf6 4. Bb5+ Nc6 5. d4 cxd4 6. cxd4 d5 7. Ne5 Bd7 8.
Nxd7 Qxd7 9. exd5 Nxd5 10. O-O e6 11. Nd2 Nc7 12. Bxc6 bxc6 13. Nc4 Be7 14. Ne5
Qd5 15. Qg4 O-O 16. Bh6 Bf6 17. Rac1 Kh8 18. Bf4 Nb5 19. Rxc6 Nxd4 20. Rd6 Qe4
21. f3 Ne2+ 22. Kf2 Nxf4 23. fxe4 Bxe5 24. Rd2 Rac8 25. Kg1 Ng6 26. b4 Bc3 27.
Rd7 Ne5 28. Qd1 Nxd7 29. Qxd7 Rcd8 30. Qa4 Kg8 31. b5 h6 32. Rc1 Be5 33. g3 f5
34. Qc4 Rd6 35. exf5 Rxf5 36. Re1 Kh7 37. Qc2 Rd5 38. g4 Kh8 39. gxf5 exf5 40.
Qc8+ Kh7 41. Qxf5+ Kh8 42. Rxe5 1-0

[Event "XXVI Open Eporediese"]
[Site "Ivrea ITA"]
[Date "2009.02.26"]
[Round "7"]
[White "Papalini, Claudio"]
[Black "Castaldo, Antonio"]
[Result "1/2-1/2"]
[WhiteElo "1604"]
[BlackElo "1753"]
[PlyCount "85"]
[EventDate "2009.01.15"]

1. d4 Nf6 2. Nf3 g6 3. Nbd2 Bg7 4. e4 d6 5. Bd3 O-O 6. O-O c6 7. c3 Nbd7 8. Re1
e5 9. dxe5 dxe5 10. Qc2 Qb6 11. Nc4 Qc7 12. a4 Nc5 13. Bf1 a5 14. b4 axb4 15.
cxb4 Ncxe4 16. Bb2 Nd5 17. Qxe4 Bf5 18. Qe2 Nxb4 19. Rec1 Nd3 20. Nh4 Nxc1 21.
Bxc1 Be6 22. Qc2 Bd5 23. Bb2 f5 24. Ne3 Bf7 25. Bc4 Qd7 26. Bxf7+ Qxf7 27. Nc4
e4 28. Bxg7 Qxg7 29. Rc1 Rfd8 30. g3 Rd3 31. Ne3 Qd4 32. Qa2+ Kf8 33. Qe6 Rxe3
34. Ng2 Rc3 35. Rxc3 Qxc3 36. Ne3 Qd4 37. Qb3 Re8 38. Qa3+ c5 39. Qb3 Qb4 40.
Qd1 Qd4 41. Qb3 Qb4 42. Qd1 Qd4 43. Qb3 1/2-1/2

[Event "XXVI Open Eporediese"]
[Site "Ivrea ITA"]
[Date "2009.02.26"]
[Round "7"]
[White "Perrone, Davide"]
[Black "Picco, Pietro"]
[Result "1-0"]
[WhiteElo "1617"]
[BlackElo "1293"]
[PlyCount "59"]
[EventDate "2009.01.15"]

1. e4 c5 2. Nf3 d6 3. d4 cxd4 4. Nxd4 a6 5. Nc3 Nf6 6. Be3 e6 7. f3 Be7 8. Qd2
O-O 9. Be2 Qb6 10. Nxe6 Qxb2 11. Rb1 Nxe4 12. Rxb2 Nxd2 13. Nxf8 Kxf8 14. Kxd2
b5 15. Nd5 Bd8 16. Nb6 Bxb6 17. Bxb6 Nd7 18. Bd4 Bb7 19. Bd3 Kg8 20. Re1 Bd5
21. Be4 Bxe4 22. Rxe4 d5 23. Re7 Nf8 24. Ra7 Rc8 25. Rxa6 Rc4 26. c3 Ra4 27.
Rxa4 bxa4 28. Rb8 h6 29. Bc5 Kh7 30. Bxf8 1-0

[Event "XXVI Open Eporediese"]
[Site "Ivrea ITA"]
[Date "2009.02.26"]
[Round "7"]
[White "Razzano, Lorenzo"]
[Black "Agostino, Pietro"]
[Result "1-0"]
[WhiteElo "1969"]
[BlackElo "1413"]
[PlyCount "63"]
[EventDate "2009.01.15"]

1. e4 g6 2. Nc3 Bg7 3. h4 c6 4. d4 d6 5. h5 Nd7 6. h6 Bf6 7. Be3 e5 8. Nf3 Qe7
9. d5 c5 10. Nb5 Nb6 11. b4 a6 12. Nxd6+ Qxd6 13. bxc5 Qd8 14. cxb6 Bg4 15. c4
Bxf3 16. Qa4+ Kf8 17. gxf3 Bg5 18. c5 Bxe3 19. fxe3 Qg5 20. Kf2 Nxh6 21. c6
bxc6 22. dxc6 Qf6 23. Rxh6 Kg7 24. Rh1 Qd8 25. b7 Rb8 26. Qxa6 Qc7 27. Rd1 Rhe8
28. Bc4 Re7 29. Rd2 Kf8 30. Rxh7 Kg8 31. Rxf7 Rxf7 32. Rd7 1-0

[Event "XXVI Open Eporediese"]
[Site "Ivrea ITA"]
[Date "2009.02.26"]
[Round "7"]
[White "Rocchi, Enrico"]
[Black "Chiarotto, Filippo"]
[Result "1/2-1/2"]
[WhiteElo "1733"]
[BlackElo "2039"]
[PlyCount "37"]
[EventDate "2009.01.15"]

1. e4 c5 2. c3 e5 3. Nf3 Nc6 4. d4 cxd4 5. cxd4 Bb4+ 6. Nc3 exd4 7. Nxd4 Qh4 8.
Qd3 Nf6 9. Bd2 Bxc3 10. Bxc3 O-O 11. Nxc6 bxc6 12. e5 Nd5 13. g3 Qe7 14. Bg2
Nxc3 15. Qxc3 Re8 16. O-O Ba6 17. Rfe1 Rab8 18. Rad1 Rb5 19. Qd4 1/2-1/2

[Event "XXVI Open Eporediese"]
[Site "Ivrea ITA"]
[Date "2009.02.26"]
[Round "7"]
[White "Trotto, Pierangelo"]
[Black "Caresana, Alessandro"]
[Result "1/2-1/2"]
[WhiteElo "1883"]
[BlackElo "2010"]
[PlyCount "49"]
[EventDate "2009.01.15"]

1. e4 e5 2. Nf3 Nc6 3. Bb5 Nf6 4. O-O Nxe4 5. Re1 Nd6 6. Bxc6 dxc6 7. Nxe5 Be7
8. d4 O-O 9. Nd2 Nf5 10. c3 c5 11. dxc5 Bxc5 12. Ne4 Bb6 13. Nc4 Qxd1 14. Rxd1
Be6 15. Nxb6 axb6 16. Bf4 c6 17. b3 h6 18. Bc7 Bd5 19. Nd6 Nxd6 20. Bxd6 Rfe8
21. c4 Be4 22. Rd2 Re6 23. f3 Bg6 24. Kf2 c5 25. Re1 1/2-1/2

[Event "XXVI Open Eporediese"]
[Site "Ivrea ITA"]
[Date "2009.02.26"]
[Round "7"]
[White "Vigliocco, Davide"]
[Black "Bogatto, Mario"]
[Result "1-0"]
[WhiteElo "1470"]
[BlackElo "1470"]
[PlyCount "129"]
[EventDate "2009.01.15"]

1. e4 c6 2. d4 d5 3. e5 e6 4. Nf3 Nd7 5. Bd3 a6 6. Nbd2 c5 7. c3 h6 8. Nf1 cxd4
9. cxd4 Bb4+ 10. Bd2 Qb6 11. Ng3 Ne7 12. O-O Bxd2 13. Qxd2 Nb8 14. Nh5 Rg8 15.
b3 Nf5 16. Bxf5 exf5 17. Rfe1 Be6 18. Qf4 Nc6 19. Rad1 O-O-O 20. Rc1 Kb8 21.
Rc5 Rc8 22. Rec1 Nb4 23. Rxc8+ Rxc8 24. Rxc8+ Kxc8 25. Nxg7 Qc6 26. h3 Nxa2 27.
Qxh6 Qc1+ 28. Qxc1+ Nxc1 29. Nd2 Ne2+ 30. Kf1 Nxd4 31. h4 f4 32. h5 Nf5 33.
Nxf5 Bxf5 34. f3 Kd7 35. b4 Ke6 36. Nb3 Bd3+ 37. Kf2 Kxe5 38. Nc5 Bf5 39. Nxb7
Bc8 40. Nc5 Kf6 41. h6 Kg6 42. h7 Kxh7 43. Nd3 Bb7 44. Nxf4 Kg7 45. Ke3 Bc6 46.
Kd4 Bb5 47. Kxd5 Kf6 48. Ke4 Bc4 49. Nd3 Bb5 50. Ne5 Ke6 51. g3 f6 52. Nd3 Bc6+
53. Kf4 Bb5 54. Nc5+ Kd5 55. Kf5 Kc4 56. Kxf6 Kxb4 57. Nxa6+ Bxa6 58. f4 Bc8
59. f5 Kc4 60. g4 Kd4 61. Ke7 Ke5 62. f6 Be6 63. g5 Kf5 64. g6 Bd7 65. g7 1-0

[Event "XXVI Open Eporediese"]
[Site "Ivrea ITA"]
[Date "2009.03.05"]
[Round "8"]
[White "Agostino, Pietro"]
[Black "Vigliocco, Davide"]
[Result "0-1"]
[WhiteElo "1413"]
[BlackElo "1470"]
[PlyCount "72"]
[EventDate "2009.01.15"]

1. e4 e6 2. d4 d5 3. Nc3 Nf6 4. Bg5 Be7 5. Qd2 dxe4 6. Bxf6 Bxf6 7. Nge2 Nc6 8.
O-O-O O-O 9. Nxe4 Be7 10. a3 b5 11. Qc3 Bb7 12. b4 a5 13. Nc5 axb4 14. axb4 Qc8
15. Nf4 Nxd4 16. Qxd4 Bf6 17. Qd7 Ra1+ 18. Kd2 Rxd1+ 19. Kxd1 Rd8 20. Bxb5
Rxd7+ 21. Bxd7 Qa8 22. Ke2 Bxg2 23. Nxg2 Qxg2 24. Rf1 Bd4 25. Nd3 Bc3 26. b5
Qe4+ 27. Kd1 Qf3+ 28. Kc1 Qe2 29. Rd1 g6 30. Bc6 e5 31. f3 Bd4 32. Re1 Qxh2 33.
Bd5 Kg7 34. Kd1 h5 35. Rf1 Be3 36. Ke1 Qd2# 0-1

[Event "XXVI Open Eporediese"]
[Site "Ivrea ITA"]
[Date "2009.03.05"]
[Round "8"]
[White "Bellafiore, Enzo"]
[Black "Catalfamo, Santo"]
[Result "0-1"]
[WhiteElo "1867"]
[BlackElo "1792"]
[PlyCount "78"]
[EventDate "2009.01.15"]

1. d4 d5 2. c4 c6 3. Nc3 Nf6 4. Nf3 e6 5. Bf4 dxc4 6. a4 Bb4 7. Qc2 O-O 8. e4
Qa5 9. Bd2 h6 10. Bxc4 Nbd7 11. O-O Rd8 12. Rfd1 Bxc3 13. Bxc3 Qc7 14. Ba2 b6
15. Bb1 Nf8 16. a5 Bb7 17. a6 Bc8 18. Bb4 c5 19. dxc5 Rxd1+ 20. Qxd1 bxc5 21.
Qc2 Rb8 22. Bc3 N6d7 23. Qe2 e5 24. Bd3 Ng6 25. g3 Nf6 26. Rd1 Bg4 27. Kg2 Qc8
28. Bc4 Nh5 29. Ba5 Ngf4+ 30. gxf4 Nxf4+ 31. Kf1 Nxe2 32. Rd8+ Qxd8 33. Bxd8
Bxf3 34. Bc7 Rxb2 35. Ba5 Nd4 36. Ke1 Rb1+ 37. Kd2 Nb3+ 38. Bxb3 Rxb3 39. Bc3
f6 0-1

[Event "XXVI Open Eporediese"]
[Site "Ivrea ITA"]
[Date "2009.03.05"]
[Round "8"]
[White "Caresana, Alessandro"]
[Black "Saccona, Silvano"]
[Result "0-1"]
[WhiteElo "2010"]
[BlackElo "2198"]
[PlyCount "103"]
[EventDate "2009.01.15"]

1. d4 c6 2. Nf3 d5 3. c4 dxc4 4. e4 b5 5. a4 e6 6. Nc3 Bb4 7. Qc2 Bb7 8. Be2 a6
9. O-O Nd7 10. d5 e5 11. Rd1 Qc7 12. dxc6 Qxc6 13. axb5 axb5 14. Rxa8+ Bxa8 15.
Rd5 Bxc3 16. Qxc3 Ngf6 17. Rxe5+ Nxe5 18. Qxe5+ Kf8 19. Qb8+ Qe8 20. Qd6+ Qe7
21. Qb8+ Qe8 22. Qd6+ Kg8 23. e5 Nd7 24. Bf4 Nf8 25. Nd4 Ne6 26. Nf5 h6 27.
Ne7+ Kh7 28. Be3 Qd8 29. Nf5 Qa5 30. Qd1 Rd8 31. Qb1 Kg8 32. Nd6 Bd5 33. h4 Rd7
34. Bh5 Nf8 35. Qd1 Be6 36. f4 b4 37. Bd4 g6 38. Bf3 Bd5 39. Ne8 Nh7 40. Nd6
Qa8 41. Bg4 f5 42. Be2 Bxg2 43. Bxc4+ Bd5 44. Qb3 Nf6 45. exf6 Rxd6 46. Be5
Bxc4 47. Qxc4+ Qd5 48. Qf1 Qc5+ 49. Kh1 Rc6 50. Kg2 Qe3 51. Qf2 Qxf2+ 52. Kxf2
0-1

[Event "XXVI Open Eporediese"]
[Site "Ivrea ITA"]
[Date "2009.03.05"]
[Round "8"]
[White "Castaldo, Folco"]
[Black "Bruno, Fabrizio P."]
[Result "1/2-1/2"]
[WhiteElo "2419"]
[BlackElo "1948"]
[PlyCount "79"]
[EventDate "2009.01.15"]

1. e4 d6 2. f4 Nf6 3. Nc3 g6 4. Nf3 Bg4 5. Bc4 Bg7 6. e5 dxe5 7. Bxf7+ Kxf7 8.
Nxe5+ Ke8 9. Nxg4 Nxg4 10. Qxg4 Nc6 11. O-O Rf8 12. d3 Qd4+ 13. Kh1 Kf7 14. Bd2
Kg8 15. Rae1 Rf5 16. b3 Raf8 17. Ne4 e5 18. Ng5 Qd5 19. Qe2 Nd4 20. Qe4 Qd8 21.
g4 R5f6 22. Be3 Nxc2 23. Qc4+ Kh8 24. Qxc2 exf4 25. Bf2 Rc6 26. Qxc6 bxc6 27.
Ne6 Qd5+ 28. Kg1 Rc8 29. Nxf4 Qg5 30. Re4 Qxg4+ 31. Bg3 c5 32. Ne6 Qh5 33. Nxg7
Kxg7 34. Re7+ Kg8 35. Rff7 Qd5 36. Rg7+ Kf8 37. Rxh7 Qd4+ 38. Kg2 Qxd3 39.
Rhf7+ Kg8 40. Rg7+ 1/2-1/2